| 000 | 01154nam a2200241Ii 4500 | ||
|---|---|---|---|
| 003 | JO-AjNU | ||
| 005 | 20240629103326.0 | ||
| 008 | 230605s9999||||xx |||||||||||||| ||und|| | ||
| 040 |
_aJO-AjNU _bara _erda _cJO-AjNU |
||
| 041 | _aara | ||
| 050 | 1 | 4 | _aK3412 2019 |
| 100 | 1 |
_aالقضاة، منتصر احمد مفلح _eمعد _965764 |
|
| 245 | 0 | 0 |
_aاحكام الرقابة والطعن بدستورية القوانين في التشريع الاردني = Provisions of censorship and Appeal the constitutionality of laws in Jordanian legislation / _cاعداد لينا علي محمد القضاة؛ اشراف منتصر احمد مفلح القضاة |
| 264 | 3 | 1 | _a 2019 |
| 300 | _a121ورقة | ||
| 336 |
_atext _btxt _2rdacontent |
||
| 337 |
_aunmediated _bn _2rdamedia |
||
| 338 |
_avolume _bnc _2rdacarrier |
||
| 500 | _aرسالة جامعية ( اطروحة ماجستير) جامعة عجلون الوطنية: كلية الحقوق، 2019 | ||
| 650 | 4 |
_aالرقابة-الدستور الاردني -التشريع الاردني _959303 |
|
| 700 | 1 |
_aالقضاة، منتصر احمد مفلح _eمشرف _965764 |
|
| 942 |
_2lcc _cTHS |
||
| 999 |
_c30247 _d30247 |
||